Content strategy for the web

Content Strategy for the Web explains how to create and deliver useful, usable content for your online audiences, when and where they need it most. It also shares content best practices so you can get your next website redesign right, on time and on budget.

Đã lưu trong:
書目詳細資料
主要作者: Halvorson, Kristina
格式: 圖書
語言:Undetermined
出版: Berkeley, CA New Riders 2010
主題:
標簽: 添加標簽
沒有標簽, 成為第一個標記此記錄!
Thư viện lưu trữ: Trung tâm Học liệu Trường Đại học Cần Thơ
LEADER 00847nam a2200217Ia 4500
001 CTU_175221
008 210402s9999 xx 000 0 und d
020 |c 583170 
082 |a 006.76068 
082 |b H157 
100 |a Halvorson, Kristina 
245 0 |a Content strategy for the web 
245 0 |c Kristina Halvorson 
260 |a Berkeley, CA 
260 |b New Riders 
260 |c 2010 
520 |a Content Strategy for the Web explains how to create and deliver useful, usable content for your online audiences, when and where they need it most. It also shares content best practices so you can get your next website redesign right, on time and on budget. 
650 |a Web site development,Phát triển trang web 
650 |x Management,Quản lý 
904 |i Hải 
980 |a Trung tâm Học liệu Trường Đại học Cần Thơ